| 000 | 00528nam a2200181Ia 4500 | ||
|---|---|---|---|
| 999 |
_c28424 _d28424 |
||
| 003 | OSt | ||
| 005 | 20201204120216.0 | ||
| 008 | 190216s9999||||xx |||||||||||||| ||und|| | ||
| 020 | _a9788130000183 | ||
| 040 | _coclc | ||
| 082 |
_a894.8124 _bNAR/J |
||
| 100 |
_aNarayanan, M G S _93246 |
||
| 245 | 0 |
_aJanadhipathyavum Communisavum / _cM G S Narayanan |
|
| 260 |
_bPoorna Publications, _aKozhikode: _c2004. |
||
| 300 | _a162p | ||
| 650 | _aLekhanam | ||
| 942 |
_cBK _2ddc _h894.8124 _iNAR/J _k894.8124 _mNAR/J |
||